| 000 | 00647nam a2200205Ii 4500 | ||
|---|---|---|---|
| 003 | JO-AjNU | ||
| 008 | 230605s9999||||xx |||||||||||||| ||und|| | ||
| 017 | _a2012/7/2780 | ||
| 040 |
_aJO-AjNU _bara _erda _cJO-AjNU |
||
| 041 | _aara | ||
| 050 | 1 | 4 | _aPJ7805.R2.A17 2013 |
| 100 | 3 |
_aتأليف رضوان، عبدالله, _eauthor _950056 |
|
| 245 | 0 | 0 | _aالأعمال الشعرية: الكثير...واحدا |
| 264 | 3 | 1 | _aعمان:دار اليازوري،2013 |
| 300 | _a412ص | ||
| 336 |
_atext _btxt _2rdacontent |
||
| 337 |
_aunmediated _bn _2rdamedia |
||
| 338 |
_avolume _bnc _2rdacarrier |
||
| 650 | 4 |
_aالشعر العربي _950057 |
|
| 999 |
_aA22025 _c25593 _d25593 |
||